Marvel : Team Cap Vs Team Iron man - Statistiques

Statistiques générales
  • Ce quiz a été pris 6 606 fois
  • Le résultat moyen est 11 sur 12
Statistiques - réponses
Personnage % Correct
Spider-Man
98%
Black Widow
97%
Iron Man
94%
Captain America
93%
Ant-Man
92%
Le Soldat de l'hiver
90%
Le Faucon
89%
Wanda Maximoff
88%
Vision
87%
Black Panther
85%
Hawkeye
84%
War Machine
81%
Aucun quiz correspondant
Distribution des résultats
% des personnes avec chaque résultat
Percentile par nombre de réponses
Votre historique - résultats
Vous n’avez pas pris ce quiz